000 00438nam a2200169 a 4500
005 20140310183205.0
008 030304s19uu xx 00 eng d
020 _a
050 _aPR 6005
_b.C754 1980
100 _aConrad, Joseph
245 _aHeart of Darkness /
_cJoseph Conrad.
260 _aIowa :
_bThe Perfection form Company,
_c1980.
300 _a141 p. :
_c18 cm.
650 _aFiction
942 _cBK
_2lcc
999 _c19979
_d19979